<?xml version="1.0" encoding="UTF-8"?><?xml-stylesheet type="text/xsl" href="static/style.xsl"?><OAI-PMH xmlns="http://www.openarchives.org/OAI/2.0/" xmlns:xsi="http://www.w3.org/2001/XMLSchema-instance" xsi:schemaLocation="http://www.openarchives.org/OAI/2.0/ http://www.openarchives.org/OAI/2.0/OAI-PMH.xsd"><responseDate>2026-04-27T21:34:45Z</responseDate><request verb="GetRecord" identifier="oai:uvadoc.uva.es:10324/30878" metadataPrefix="marc">https://uvadoc.uva.es/oai/request</request><GetRecord><record><header><identifier>oai:uvadoc.uva.es:10324/30878</identifier><datestamp>2021-06-18T06:39:08Z</datestamp><setSpec>com_10324_38</setSpec><setSpec>col_10324_787</setSpec></header><metadata><record xmlns="http://www.loc.gov/MARC21/slim" xmlns:doc="http://www.lyncode.com/xoai" xmlns:xsi="http://www.w3.org/2001/XMLSchema-instance" xmlns:dcterms="http://purl.org/dc/terms/" xsi:schemaLocation="http://www.loc.gov/MARC21/slim http://www.loc.gov/standards/marcxml/schema/MARC21slim.xsd">
<leader>00925njm 22002777a 4500</leader>
<datafield tag="042" ind1=" " ind2=" ">
<subfield code="a">dc</subfield>
</datafield>
<datafield tag="720" ind1=" " ind2=" ">
<subfield code="a">Baruque de la Fuente, Enrique</subfield>
<subfield code="e">author</subfield>
</datafield>
<datafield tag="260" ind1=" " ind2=" ">
<subfield code="c">2018</subfield>
</datafield>
<datafield tag="520" ind1=" " ind2=" ">
<subfield code="a">Actualmente las elevadas emisiones de CO2 y el calentamiento global por culpa de las fuentes de energía fósiles como los hidrocarburos están a la orden del día. Es por ello por lo que muchas investigaciones están tratando de obtener la mejor forma de eliminarlos de nuestro panorama energético y buscando alternativas de energía más limpias, las llamadas energías renovables.&#xd;
Dentro de ellas se encuentra el hidrógeno, presente allá donde se mire. Éste, aunque no sea una fuente de energía como tal, si es un portador de ella, capaz de producir electricidad mediante reacciones químicas, y sobre todo con la gran ventaja de que es posible almacenarlo.&#xd;
En este trabajo fin de máster se estudian las diferentes alternativas de almacenar el hidrógeno, empezando por las más comunes y desarrolladas actualmente, así como las que todavía están en una fase de investigación, albergando un gran potencial.&#xd;
A partir de ello, se buscará la mejor forma de introducir esos medios de almacenamiento dentro de un vehículo, ya que el sector del transporte es uno de los principales interesados en pasarse a las energías limpias debido al inevitable agotamiento de los combustibles fósiles. Para ello se tendrán en cuenta variables como la masa, el volumen y el coste de cada uno de los métodos.</subfield>
</datafield>
<datafield tag="024" ind2=" " ind1="8">
<subfield code="a">http://uvadoc.uva.es/handle/10324/30878</subfield>
</datafield>
<datafield ind1=" " ind2=" " tag="653">
<subfield code="a">Pilas de combustible</subfield>
</datafield>
<datafield ind1=" " ind2=" " tag="653">
<subfield code="a">Energías renovables</subfield>
</datafield>
<datafield ind1=" " ind2=" " tag="653">
<subfield code="a">Hidrógeno</subfield>
</datafield>
<datafield ind1=" " ind2=" " tag="653">
<subfield code="a">Hidrógeno (Combustible)</subfield>
</datafield>
<datafield ind1=" " ind2=" " tag="653">
<subfield code="a">Vehículos eléctricos</subfield>
</datafield>
<datafield tag="245" ind1="0" ind2="0">
<subfield code="a">Evaluación de alternativas de almacenamiento de hidrógeno a bordo en un vehículo de pila de combustible (FCEV)</subfield>
</datafield>
</record></metadata></record></GetRecord></OAI-PMH>